Central Library OPAC University of Rajshahi

English art, 871-1100 / (Record no. 62781)

MARC details
000 -LEADER
fixed length control field 00812nam a2200265 a 4500
001 - CONTROL NUMBER
control field 62781
003 - CONTROL NUMBER IDENTIFIER
rucl marc code BD-RjUL
005 - DATE AND TIME OF LATEST TRANSACTION
control field 20211209081124.0
008 - FIXED-LENGTH DATA ELEMENTS--GENERAL INFORMATION
fixed length control field 170125s1952 enka b 001 0 eng d
035 ## - SYSTEM CONTROL NUMBER
System control number 62909(BD-RjUL)
040 ## - CATALOGING SOURCE
Original cataloging agency CSU
Language of cataloging eng
Transcribing agency BD-RjUL
Modifying agency BD-RjUL
041 ## - LANGUAGE CODE
Language code of text/sound track or separate title eng
082 ## - DEWEY DECIMAL CLASSIFICATION NUMBER
Edition number 23
Classification number 709.42
Author mark and year RIE 1952
100 1# - MAIN ENTRY--PERSONAL NAME
Personal name Rice, D. Talbot
9 (RLIN) 186605
245 10 - TITLE STATEMENT
Title English art, 871-1100 /
Statement of responsibility, etc. D. Talbot Rice
260 ## - PUBLICATION, DISTRIBUTION, ETC. (IMPRINT)
Place of publication, distribution, etc. Oxford :
Name of publisher, distributor, etc. At The Clarendon Press,
Date of publication, distribution, etc. 1952.
300 ## - PHYSICAL DESCRIPTION
Pagination xix, 280, 96 p. :
Illustrations ill. ;
Size 25 cm.
490 1# - SERIES STATEMENT
Series statement Oxford history of English art.
504 ## - BIBLIOGRAPHY, ETC. NOTE
Bibliography, etc Includes bibliography and index.
650 #0 - SUBJECT ADDED ENTRY--TOPICAL TERM
Topical term or geographic name as entry element Art
Geographic subdivision England
General subdivision History.
9 (RLIN) 184650
Topical term or geographic name as entry element Art, English.
9 (RLIN) 186606
Topical term or geographic name as entry element Art, Anglo-Saxon.
9 (RLIN) 186607
830 #0 - SERIES ADDED ENTRY--UNIFORM TITLE
Uniform title Oxford history of English art.
942 ## - ADDED ENTRY ELEMENTS (KOHA)
Source of classification or shelving scheme Dewey Decimal Classification
Koha item type Books
Holdings
Lost status Source of classification or shelving scheme Damaged status Not for loan Collection code Permanent Location Current Location Shelving location Date acquired Total Checkouts Full call number Date last seen Copy number Koha item type
  Dewey Decimal Classification   Not For Loan Non-fiction Central Library, University of Rajshahi Central Library, University of Rajshahi Reading Room 07/05/1954   709.42 RIE 1952 25/01/2017 C-1 Books